Histoires édifiante

Uloženo v:
Podrobná bibliografie
Hlavní autor: Ferron, Madeleine
Médium: Kniha
Jazyk:Undetermined
Vydáno: Quebec, Canadá La Presse 1977
Témata:
Tagy: Přidat tag
Žádné tagy, Buďte první, kdo vytvoří štítek k tomuto záznamu!

MARC

LEADER 00000nam a2200000Ia 4500
008 170316s9999 xx 000 0 und d
040 |a cru BVZT 
090 |a 840 F-3h 
100 |a Ferron, Madeleine 
245 |a Histoires édifiante 
260 |a Quebec, Canadá 
260 |b La Presse 
260 |c 1977 
300 |a 156 páginas 
650 |a LITERATURA FRANCESA 
999 |c 7669  |d 7669 
942 |c 15 D  |h 840 F-3h  |2 z